000
00324nam a22001457a 4500
008
200902b ||||| |||| 00| 0 eng d
020
_a
978-9951-565-18-9
041
_a
albania
080
_a
821.14'02-34
082
_a
821.14'02-34
100
_a
1
101
_a
2
245
_a
Perrallezat
_c
Gjevori, M
942
_2
udc
_c
BK
999
_c
55092
_d
55092